[Event "Dindigul Cities-ch"]
[Site "Dindigul"]
[Date "2014.06.17"]
[Round "2.2"]
[White "Ravi, Teja Sanka"]
[Black "Adith, RV."]
[Result "1/2-1/2"]
[WhiteElo "2344"]
[BlackElo "1864"]
[PlyCount "132"]
[EventDate "2014.06.16"]
[EventType "team-swiss"]
[EventRounds "7"]
[EventCountry "IND"]
[SourceTitle "CBM 161 Extra"]
[Source "ChessBase"]
[SourceDate "2014.08.29"]
[SourceVersion "1"]
[SourceVersionDate "2014.08.29"]
[SourceQuality "1"]
[WhiteTeam "Tenali"]
[BlackTeam "Coimbatore"]
[WhiteTeamCountry "IND"]
[BlackTeamCountry "IND"]

1. d4 d5 2. Nf3 c6 3. c4 Nf6 4. e3 e6 5. b3 Bd6 6. Bd3 0-0 7. 0-0 b6 8. Bb2 Nbd7 9. Nbd2 Bb7 10. Ne5 c5 11. cxd5 cxd4 12. Nxd7 Qxd7 13. Ne4 Nxe4 14. Bxe4 e5 15. exd4 f5 16. dxe5 fxe4 17. exd6 Qxd6 18. Qd4 Rf7 19. Rad1 Rd8 20. Qxe4 Bxd5 21. Qh4 Rfd7 22. Rd3 Qe7 23. Qg3 Qe6 24. Qg5 Qg6 25. Qxg6 hxg6 26. f4 Be4 27. Re3 Rd2 28. Rxe4 Rxb2 29. Re3 Rdd2 30. Rg3 Rxa2 31. Rxg6 Kf7 32. Rg3 Rdb2 33. h4 a5 34. Rff3 b5 35. Rc3 Rc2 36. Rxc2 Rxc2 37. Rg5 b4 38. Rxa5 Rb2 39. Rb5 Rxb3 40. Rb6 Rg3 41. Kh2 Rb3 42. g3 Rb1 43. Kh3 b3 44. Kg4 b2 45. Rb7+ Kf8 46. Rb8+ Kf7 47. h5 Ke7 48. Kf5 Rg1 49. Rxb2 Rxg3 50. Rb7+ Kf8 51. h6 gxh6 52. Kf6 Kg8 53. f5 h5 54. Rb8+ Kh7 55. Ke7 Rg7+ 56. Ke6 Ra7 57. Kf6 Ra6+ 58. Kg5 Kg7 59. Rb7+ Kf8 60. Kxh5 Rc6 61. Kg5 Ra6 62. Rb2 Kf7 63. Rh2 Kg7 64. Rg2 Kf7 65. Re2 Rb6 66. Rc2 Ra6 1/2-1/2